00493nam a2200181Ia 450000500170000000800410001704000190005804100120007708200160008910000160010524500480012126000390016930000120020850400190022065000140023965100480025385000100030120240208092836.0131103s9999 xx 000 0 und d aLoreto College aEnglish a370.9 bCAS aCastle,E.B. aAncient Education and Today, cE.B.Castle aHarmondsworthbPenguin Booksc1961 a218 p.  aReprinted 1965 aEducation aHistorical,Geographic and Persons Treatment aLCLIB